Southville International School and Colleges
Your cart is empty.
  • Cart
  • Lists
    Public lists Eva Luna New books Lux_list list_1
    Your lists Log in to create your own lists
  • Log in to your account
  • Your cookies
  • Search history
Southville International School and Colleges
  • Advanced search
  • Recent comments
  • Most popular
  • Libraries

Log in to your account

Log in with GOOGLE


If you do not have an external account, but do have a local account, you can still log in:

  1. Home
  2. MARC view: Laboratory manual in general chemistry :
Normal view MARC view ISBD view

Laboratory manual in general chemistry : (Record no. 358853)

[ view plain ]
MARC details
000 -LEADER
fixed length control field 00623nam a2200193Ia 4500
003 - CONTROL NUMBER IDENTIFIER
control field SISC
005 - DATE AND TIME OF LATEST TRANSACTION
control field 20181010155555.0
008 - FIXED-LENGTH DATA ELEMENTS--GENERAL INFORMATION
fixed length control field 180925s9999 xx 000 0 und d
020 ## - INTERNATIONAL STANDARD BOOK NUMBER
International Standard Book Number 9789719803065
050 ## - LIBRARY OF CONGRESS CALL NUMBER
Classification number QD 33.2
Item number .M71 2015
100 ## - MAIN ENTRY--PERSONAL NAME
Personal name Mojica-Ocampo, Trinidad
245 ## - TITLE STATEMENT
Statement of responsibility, etc Trinidan Mojica-Ocampo, Evangelina Batusin-Mora.--
Title Laboratory manual in general chemistry :
Remainder of title part 1 /
250 ## - EDITION STATEMENT
Edition statement 2nd ed
260 ## - PUBLICATION, DISTRIBUTION, ETC. (IMPRINT)
Place of publication, distribution, etc Philippines :
Name of publisher, distributor, etc C & E Publishing, Inc.
Date of publication, distribution, etc 2015
300 ## - PHYSICAL DESCRIPTION
Extent xii, 106 pages :
Other physical details illustrations ;
Dimensions 26 cm.
500 ## - GENERAL NOTE
General note Part 1
650 ## - SUBJECT ADDED ENTRY--TOPICAL TERM
Topical term or geographic name as entry element Chemistry -- handbooks, manuals, etc.
942 ## - ADDED ENTRY ELEMENTS (KOHA)
Source of classification or shelving scheme Library of Congress Classification
Koha item type Books
Holdings
Withdrawn status Lost status Source of classification or shelving scheme Damaged status Home library Current library Shelving location Date acquired Source of acquisition Total Checkouts Full call number Barcode Date last seen Price effective from Koha item type
    Library of Congress Classification   South SEED-LPDH College Library South SEED-LPDH College Library South SEED-LPDH College Section 09/25/2018 Library Fund   QD 33.2 .M71 2015 SSLC1795 09/25/2018 09/25/2018 Books

Laboratory manual in general chemistry :

APA

Mojica-Ocampo T., . (2015). Laboratory manual in general chemistry. Philippines: C & E Publishing, Inc.

Chicago

Mojica-Ocampo Trinidad, . 2015. Laboratory manual in general chemistry. Philippines: C & E Publishing, Inc.

Harvard

Mojica-Ocampo T., . (2015). Laboratory manual in general chemistry. Philippines: C & E Publishing, Inc.

MLA

Mojica-Ocampo Trinidad, . Laboratory manual in general chemistry. Philippines: C & E Publishing, Inc. 2015.

  • Place hold
  • Print
  • Cite
  • Add to your cart (remove)
  • Save record
    BIBTEX Dublin Core MARCXML MARC (non-Unicode/MARC-8) MARC (Unicode/UTF-8) MARC (Unicode/UTF-8, Standard) MODS (XML) RIS
  • More searches
    Search for this title in:
    Other Libraries (WorldCat) Other Databases (Google Scholar) Online Stores (Bookfinder.com) Open Library (openlibrary.org)

Exporting to Dublin Core...

SOUTHVILLE LIBRARY

Southville International School and Colleges Library

1281 Tropical Ave. Cor. Luxembourg St., BF Homes International, Las Pinas City

Tel. No. 8256374 / 252358 Loc. 117/146

Powered by Koha